000
00327 a2200157 4500
001
61123
020
_a
8526236199
040
_c
Anchieta - Pituba
100
_a
Rubin, Sarah Giersztel
240
1
0
_a
Inglês
_l
Ing
245
1
0
_a
Inglês
300
_a
208
362
0
_a
2000
650
4
_a
Inglês e inglês antigo
942
_c
BK
999
_c
61123
_d
61123